Statistics for Extremely Hard General Knowledge #23

Click here to take the quiz!

General Stats

  • This quiz has been taken 404 times
  • The average score is 4 of 20

Answer Stats

HintAnswer% Correct
Who was the Roman God of wine, equivalent to Dionysus in Greek Mythology?Bacchus
52%
Which U.S. State did the Hindenburg disaster occur?New Jersey
49%
What is the name of the North-western region of Africa that contains Morocco, Mauritania, Algeria, Libya, and Tunisia?Maghreb
45%
What is the name of the martial art most known for being used by the Israeli Defence League?Krav Maga
41%
Which character in the 'Asterix the Gaul' comic created by René Goscinny has a dog called Dogmatix?Obelix
35%
Who was the captain of the HMS Bounty during the Mutiny on the Bounty in 1789?William Bligh
35%
What is the emergency telephone throughout most of the EU?112
29%
What is the name of the river that runs through St. Petersburg?Neva
29%
Wolfgang Amadeus Mozart was only 35 when he died in which year?1791
21%
Who had 3 UK Number Ones with 'Because We Want To' and 'Girlfriend' in 1998 and 'Day & Night' in 2000?Billie Piper
15%
What is the official name of a chef's hat?Toque
15%
Which Italian liqueur is known for tasting of hazelnuts?Frangelico
9%
Which French artist painted The Raft of the Medusa?Théodore Géricault
8%
Who starred as Dr. Kananga (Mr. Big) the Caribbean drug lord and main antagonist of 'Live and Let Die (1973)'?Yaphet Kotto
7%
Which is the only UK Shipping Forecast that borders Germany?German Bight
6%
What is the name of the central square of the city of Zagreb?Ban Jelačić Square
5%
Which Scottish football team have the nickname 'The Staggies'?Ross County
4%
In 1958, the Best Screenplay Oscar was given to Pierre Boulle who wrote the book the film that won was based on because the screenwriters were blacklisted. What was this film?The Bridge on the River Kwai
4%
In 1865 , which Englishman was credited with being the first to climb the Matterhorn?Edward Whymper
2%
What was the name of the Typhoon that caused the cancellation of two matches in the Rugby World Cup in 2019?Hagibis
1%

Score Distribution

Percentile by Number Answered

Percent of People with Each Score

Your Score History

You have not taken this quiz